Songs by Antonyms - Statistics

General Stats
  • This quiz has been taken 110 times
  • The average score is 9 of 15
Answer Stats
Antoym Answer % Correct
Good Girls Bad Boys
85%
Live With a Frown Die With a Smile
85%
Path to heaven Highway to Hell
82%
Black Halloween White Christmas
75%
Nose of the Lion Eye of the Tiger
70%
Yes Man, Yes Laugh No Woman, No Cry
70%
Hate Mansion Love Shack
63%
Pie by the Lake Cake by the Ocean
60%
Be Calm, Be Sad Don't Worry, Be Happy
58%
No! Yeah!
54%
Safe Area Danger Zone
50%
City Highways Country Roads
48%
Rough Civilian Smooth Criminal
48%
Building Cube Wrecking Ball
33%
Little Squares of Water Great Balls of Fire
27%
No matching quizzes found
Score Distribution
Percent of People with Each Score
Percentile by Number Answered
Your Score History
You have not taken this quiz